Alphanumeric Things Quiz Stats

 Plays Quiz Updated Jul 9, 2018

Score 0/26 Timer 06:00
0 Plays Today
Description Thing % Correct
Irish rock band led by BonoU2
89.9%
Another term for police dogsK-9
89.7%
Legless droid in eight Star Wars moviesR2-D2
80.5%
Vegetable juice made by Campbell'sV8
78.9%
Steak sauce made by KraftA1
76.2%
MTV competitorVH1
74.1%
Computer bug associated with the turn of a centuryY2K
73.3%
MPAA rating for 'Parents Strongly Cautioned'PG-13
67.1%
Popular digital audio recording formatMP3
62.6%
Lubricant with a thousand usesWD-40
60.9%
Second highest mountain on EarthK2
59.6%
Assault rifle developed by Mikhail KalashnikovAK-47
58.3%
Movie type that attempts to mimic the sense of depth3D
49.3%
Description Thing % Correct
Company that makes Post-It notes3M
47.5%
Common plastic explosiveC-4
46%
U.S. tax deferred retirement account401(k)
45.6%
British Security ServiceMI5
41.5%
A band, a hairstyle or a Boeing aircraftB-52(s)
39.4%
Band known for the hit 'Red, Red Wine'UB40
38.5%
Standard paper size...except in the U.S. and CanadaA4
28.2%
Boat commanded by JFK in WWIIPT-109
13.2%
Soviet sub about which a 2002 movie was madeK-19
10.7%
First serial number of the Starship EnterpriseNCC-1701
5.7%
George Lucas's movie of 1971THX 1138
5.4%
Panasonic game console of 19933DO
3.9%
8 bit Unicode character encoding formatUTF-8
2.6%

You're not logged in!

Compare scores with friends on all Sporcle quizzes.
OR
Log In

Sporcle TV

Today on Sporcle TV


Watch our educational content, quiz creation guides, and fun videos on Sporcle TV.

Show Comments

Extras

Top Quizzes Today


Score Distribution

Your Account Isn't Verified!

In order to create a playlist on Sporcle, you need to verify the email address you used during registration. Go to your Sporcle Settings to finish the process.

Report this User

Report this user for behavior that violates our Community Guidelines.

Details: